=LDR 00000nam 2200000 4500 =001 INLIS000000000019412 =005 20130612114457 =008 ***********************************Ind** =035 ##$$0010-061300000019412 =041 ##$$a Ind =082 ##$$a 370.72 =090 ##$$a 370.72, Mar m =100 ##$$a Margono, S =245 ##$$a Metodologi penelitian pendidikan, Drs. DS. Margono =260 ##$$a 2005 $b Jakarta =300 ##$$a ix, 259 hlm, 21 cm =650 ##$$a Pendidikan-Penelitian =850 ##$$a NBPNMAT